Wylie's atlas of vascular surgery. Basic considerations and techniques / (Record no. 3105)

000 -LEADER
fixed length control field 01932cam a2200505 a 4500
001 - CONTROL NUMBER
control field 3121187
003 - CONTROL NUMBER IDENTIFIER
control field OSt
005 - DATE AND TIME OF LATEST TRANSACTION
control field 20220328075157.0
008 - FIXED-LENGTH DATA ELEMENTS--GENERAL INFORMATION
fixed length control field 920106s1992 paua 001 0 eng
010 ## - LIBRARY OF CONGRESS CONTROL NUMBER
LC control number 91048374
016 7# - NATIONAL BIBLIOGRAPHIC AGENCY CONTROL NUMBER
Record control number 9200772
Source DNLM
020 ## - INTERNATIONAL STANDARD BOOK NUMBER
International Standard Book Number 9780397511464
020 ## - INTERNATIONAL STANDARD BOOK NUMBER
International Standard Book Number 0397511469
020 ## - INTERNATIONAL STANDARD BOOK NUMBER
Canceled/invalid ISBN 0397522469
035 ## - SYSTEM CONTROL NUMBER
System control number (OCoLC)25131169
Canceled/invalid control number (OCoLC)25096654
-- (OCoLC)26854268
035 ## - SYSTEM CONTROL NUMBER
System control number ucoclc25131169
035 ## - SYSTEM CONTROL NUMBER
System control number 3121187
040 ## - CATALOGING SOURCE
Original cataloging agency NLM
Language of cataloging eng
Transcribing agency NLM
Modifying agency DLC
-- CGC
-- OCLCF
-- OCLCQ
-- OCLCO
-- OCLCQ
-- OCL
-- OCLCO
-- OCLCA
-- NLM
-- OCLCO
-- OCLCA
050 10 - LIBRARY OF CONGRESS CALL NUMBER
Classification number RD598
Item number .S78 1992
060 00 - NATIONAL LIBRARY OF MEDICINE CALL NUMBER
Classification number WG 17
Item number S881wb 1992
082 00 - DEWEY DECIMAL CLASSIFICATION NUMBER
Classification number 617.4/13
Edition number 20
100 1# - MAIN ENTRY--PERSONAL NAME
Personal name Stoney, Ronald J.,
Dates associated with a name 1934-
245 10 - TITLE STATEMENT
Title Wylie's atlas of vascular surgery. Basic considerations and techniques /
Statement of responsibility, etc. Ronald J. Stoney, David J. Effeney ; [illustrations by Ted Bloodhart].
246 3# - VARYING FORM OF TITLE
Title proper/short title Atlas of vascular surgery
260 ## - PUBLICATION, DISTRIBUTION, ETC.
Place of publication, distribution, etc. Philadelphia :
Name of publisher, distributor, etc. Lippincott,
Date of publication, distribution, etc. �1992.
300 ## - PHYSICAL DESCRIPTION
Extent xv, 175 pages :
Other physical details illustrations, portrait
336 ## - CONTENT TYPE
Content type term text
Content type code txt
Source rdacontent
337 ## - MEDIA TYPE
Media type term unmediated
Media type code n
Source rdamedia
338 ## - CARRIER TYPE
Carrier type term volume
Carrier type code nc
Source rdacarrier
500 ## - GENERAL NOTE
General note Includes index.
650 #0 - SUBJECT ADDED ENTRY--TOPICAL TERM
Topical term or geographic name entry element Blood-vessels
General subdivision Surgery
Form subdivision Atlases.
650 #0 - SUBJECT ADDED ENTRY--TOPICAL TERM
Topical term or geographic name entry element Blood-vessels
General subdivision Diseases
-- Diagnosis
Form subdivision Atlases.
650 #2 - SUBJECT ADDED ENTRY--TOPICAL TERM
Topical term or geographic name entry element Vascular Surgical Procedures
General subdivision methods.
650 #7 - SUBJECT ADDED ENTRY--TOPICAL TERM
Topical term or geographic name entry element Blood-vessels
General subdivision Diseases
-- Diagnosis.
Source of heading or term fast
Authority record control number or standard number (OCoLC)fst00834844
650 #7 - SUBJECT ADDED ENTRY--TOPICAL TERM
Topical term or geographic name entry element Blood-vessels
General subdivision Surgery.
Source of heading or term fast
Authority record control number or standard number (OCoLC)fst00834862
655 #2 - INDEX TERM--GENRE/FORM
Genre/form data or focus term Atlas.
655 #7 - INDEX TERM--GENRE/FORM
Genre/form data or focus term Scientific atlases.
Source of term fast
Authority record control number or standard number (OCoLC)fst01941304
700 1# - ADDED ENTRY--PERSONAL NAME
Personal name Wylie, Edwin J.,
Dates associated with a name 1918-1982.
700 1# - ADDED ENTRY--PERSONAL NAME
Personal name Effeney, David J.
776 08 - ADDITIONAL PHYSICAL FORM ENTRY
Relationship information Online version:
Main entry heading Stoney, Ronald J., 1934-
Title Wylie's atlas of vascular surgery. Basic considerations and techniques.
Place, publisher, and date of publication Philadelphia : Lippincott, �1992
Record control number (OCoLC)645814741
910 ## - USER-OPTION DATA (OCLC)
User-option data UclaCollMgr MonosBKS19911994 20210428
910 ## - USER-OPTION DATA (OCLC)
User-option data pdb 930609
910 ## - USER-OPTION DATA (OCLC)
User-option data MARS
942 ## - ADDED ENTRY ELEMENTS (KOHA)
Source of classification or shelving scheme
Koha item type References
Suppress in OPAC DO
Holdings
Withdrawn status Lost status Source of classification or shelving scheme Damaged status Not for loan Permanent Location Current Location Shelving location Date acquired Source of acquisition Total Checkouts Full call number Barcode Date last seen Copy number Price effective from Koha item type Public note
          AU LIBRARY AU LIBRARY Reference 17.08.2021 DONATION FROM MOI UNIVERSITY   RD598 .S78 1992 C4 28004213 17.08.2021 4 17.08.2021 References DO
          AU LIBRARY AU LIBRARY Reference 17.08.2021 DONATION FROM MOI UNIVERSITY   RD598 .S78 1992 C5 28004214 17.08.2021 5 17.08.2021 References DO
          AU LIBRARY AU LIBRARY Open Shelf 17.08.2021 DONATION FROM MOI UNIVERSITY   RD598 .S78 1992 C6 28004215 17.08.2021 6 17.08.2021 References DO
          AU LIBRARY AU LIBRARY Reference 17.08.2021 DONATION FROM MOI UNIVERSITY   RD598 .S78 1992 C7 28004217 17.08.2021 7 17.08.2021 References DO
          AU LIBRARY AU LIBRARY Open Shelf 17.08.2021 DONATION FROM MOI UNIVERSITY   RD598 .S78 1992 C8 28004218 17.08.2021 8 17.08.2021 References DO
          AU LIBRARY AU LIBRARY Open Shelf 17.08.2021 DONATION FROM MOI UNIVERSITY   RD598 .S78 1992 C9 28004219 17.08.2021 9 17.08.2021 References DO
          AU LIBRARY AU LIBRARY Open Shelf 17.08.2021 DONATION FROM MOI UNIVERSITY   RD598 .S78 1992 C10 28004220 17.08.2021 10 17.08.2021 References DO
          AU LIBRARY AU LIBRARY Open Shelf 17.08.2021 DONATION FROM MOI UNIVERSITY   RD598 .S78 1992 C11 28004221 17.08.2021 11 17.08.2021 References DO
          AU LIBRARY AU LIBRARY Open Shelf 03.09.2021 DONATION FROM MOI UNIVERSITY   RD598 .S78 1992 C12 28004231 03.09.2021 12 03.09.2021 References PW
          AU LIBRARY AU LIBRARY Open Shelf 03.09.2021 DONATION FROM MOI UNIVERSITY   RD598 .S78 1992 C13 28004232 03.09.2021 13 03.09.2021 References PW
          AU LIBRARY AU LIBRARY Reference 03.09.2021 DONATION FROM MOI UNIVERSITY   RD598 .S78 1992 C14 28004233 03.09.2021 14 03.09.2021 References PW
          AU LIBRARY AU LIBRARY Open Shelf 03.09.2021 DONATION FROM MOI UNIVERSITY   RD598 .S78 1992 C15 28004234 03.09.2021 15 03.09.2021 References PW
          AU LIBRARY AU LIBRARY Open Shelf 17.03.2022 DONATION FROM MOI UNIVERSITY   RD598 .S78 1992 C16 28005890 17.03.2022 16 17.03.2022 References JO
          AU LIBRARY AU LIBRARY Open Shelf 24.03.2022 DONATION FROM MOI UNIVERSITY   RD598 .S78 1992 c17 28006714 24.03.2022 17 24.03.2022 References PW
          AU LIBRARY AU LIBRARY Open Shelf 24.03.2022 DONATION FROM MOI UNIVERSITY   RD598 .S78 1992 C18 28006715 24.03.2022 18 24.03.2022 References PW
          AU LIBRARY AU LIBRARY Reference 25.03.2022 DONATION FROM MOI UNIVERSITY   RD598 .S78 1992 C19 28006615 25.03.2022 19 25.03.2022 References DO
          AU LIBRARY AU LIBRARY Open Shelf 28.03.2022 DONATION FROM MOI UNIVERSITY   RD598 .S78 1992 C20 28006978 28.03.2022 20 28.03.2022 References DO
          AU LIBRARY AU LIBRARY Open Shelf 28.03.2022 DONATION FROM MOI UNIVERSITY   RD598 .S78 1992 C21 28006979 28.03.2022 21 28.03.2022 References DO
          AU LIBRARY AU LIBRARY Open Shelf 28.03.2022 DONATION FROM MOI UNIVERSITY   RD598 .S78 1992 C22 28006980 28.03.2022 22 28.03.2022 References DO
          AU LIBRARY AU LIBRARY Open Shelf 28.03.2022 DONATION FROM MOI UNIVERSITY   RD598 .S78 1992 C23 28006986 28.03.2022 23 28.03.2022 References DO
          AU LIBRARY AU LIBRARY Open Shelf 28.03.2022 DONATION FROM MOI UNIVERSITY   RD598 .S78 1992 C24 28006987 28.03.2022 24 28.03.2022 References DO
          AU LIBRARY AU LIBRARY Open Shelf 28.03.2022 DONATION FROM MOI UNIVERSITY   RD598 .S78 1992 C25 28006905 28.03.2022 25 28.03.2022 References PW
          AU LIBRARY AU LIBRARY Open Shelf 28.03.2022 DONATION FROM MOI UNIVERSITY   RD598 .S78 1992 C26 28006906 28.03.2022 26 28.03.2022 References PW
          AU LIBRARY AU LIBRARY Open Shelf 28.03.2022 DONATION FROM MOI UNIVERSITY   RD598 .S78 1992 C27 28006907 28.03.2022 27 28.03.2022 References PW
          AU LIBRARY AU LIBRARY Reference 29.03.2022 DONATION FROM MOI UNIVERSITY   RD598 .S78 1992 C28 28007189 29.03.2022 28 29.03.2022 References PW
          AU LIBRARY AU LIBRARY Reference 31.03.2022     RD598 .S78 1992 C29 28007207 31.03.2022 29 31.03.2022 References DO
          AU LIBRARY AU LIBRARY Open Shelf 31.03.2022 DONATION FROM MOI UNIVERSITY   RD598 .S78 1992 C30 28007392 31.03.2022 30 31.03.2022 References JO
          AU LIBRARY AU LIBRARY Open Shelf 21.04.2022 DONATION FROM MOI UNIVERSITY   RD598 .S78 1992 C31 28007861 07.04.2022 31 07.04.2022 References MM

Powered by Koha